[Event "2 Bundesliga Mitte 2007/2008"]
[Site "VOecklabruck"]
[Date "2008.03.01"]
[Round "8"]
[Board "5"]
[White "Kubinger, Thomas"]
[Black "Hofmair, Klaus"]
[Result "1-0"]
[WhiteElo "2177"]
[BlackElo "2278"]
[PlyCount "131"]
[EventDate "2007.10.13"]
[EventType "team"]
[EventRounds "11"]
[EventCountry "AUT"]
[WhiteTeam "ESV Austria Graz"]
[BlackTeam "SpG VOecklabruck"]

1.d4 Nf6 2.Bg5 c5 3.Nc3 cxd4 4.Qxd4 Nc6 5.Qh4 e6 6.O-O-O Be7 7.e4 a6 8.f4 d5
9.exd5 exd5 10.Nf3 Be6 11.Bc4 Qa5 12.f5 dxc4 13.fxe6 fxe6 14.Qxc4 O-O 15.Qxe6+
Kh8 16.Rhe1 Bb4 17.Bd2 Rae8 18.Qb3 Qf5 19.a3 Bxc3 20.Bxc3 b5 21.Rxe8 Rxe8 22.Qf7
Qe6 23.Qxe6 Rxe6 24.Ng5 Re2 25.Rd6 Rxg2 26.Nf7+ Kg8 27.Nh6+ gxh6 28.Rxf6 Rg6
29.Rf2 Ne7 30.b3 Nd5 31.Kb2 Ne7 32.Rd2 Kf7 33.Be5 Ke6 34.Bf4 Nd5 35.Bg3 Rg4
36.Re2+ Kd7 37.Re5 Ne7 38.Rh5 Rg6 39.Bf4 Ng8 40.c4 bxc4 41.bxc4 Kc6 42.Kc3 Rf6
43.Be3 Rf3 44.Kd4 Rf6 45.Kd3 Rd6+ 46.Kc3 Re6 47.Bc1 Rf6 48.Kb4 Re6 49.Bf4 Kb7
50.Rc5 Rc6 51.Rf5 Rf6 52.Rxf6 Nxf6 53.Bxh6 Kc6 54.Ka5 Kb7 55.c5 Nd7 56.c6+ Kxc6
57.Kxa6 Nc5+ 58.Ka5 Nd3 59.a4 Kb7 60.Kb5 Nf2 61.h4 Ng4 62.Bf4 h5 63.Kc5 Nf6
64.Kd4 Kc6 65.Ke5 Ng8 66.Bg5

[Event "2 Bundesliga Mitte 2007/2008"]
[Site "VOecklabruck"]
[Date "2008.03.01"]
[Round "8"]
[Board "6"]
[White "Mitzka, Franz"]
[Black "Schrittwieser, Herbert"]
[Result "0-1"]
[WhiteElo "2026"]
[BlackElo "2200"]
[PlyCount "79"]
[EventDate "2007.10.13"]
[EventType "team"]
[EventRounds "11"]
[EventCountry "AUT"]
[WhiteTeam "SpG VOecklabruck"]
[BlackTeam "ESV Austria Graz"]

1.Nf3 Nf6 2.g3 b6 3.Bg2 Bb7 4.c4 e6 5.O-O c5 6.Nc3 Be7 7.d3 O-O 8.e4 d6 9.Qe2
Nc6 10.h3 Nd7 11.d4 Nxd4 12.Nxd4 cxd4 13.Nb5 e5 14.f4 a6 15.Na3 Rc8 16.Bd2 Bf6
17.Qg4 Qe7 18.f5 Kh8 19.Rf2 Nc5 20.Rb1 Ba8 21.h4 Rb8 22.Bh1 b5 23.cxb5 axb5
24.Nc2 Qb7 25.Nb4 Nxe4 26.Re2 d5 27.Nxd5 Qxd5 28.b3 d3 29.Bxe4 Qc5+ 30.Rf2 Qd4
31.Re1 Rbc8 32.Qf3 Bxe4 33.Rxe4 Qd5 34.Qe3 Rc2 35.a4 Qxb3 36.Rb4 Qa3 37.axb5 Be7
38.f6 gxf6 39.Qh6 Rxd2 40.Rg4

[Event "2 Bundesliga Mitte 2007/2008"]
[Site "VOecklabruck"]
[Date "2008.03.01"]
[Round "8"]
[Board "1"]
[White "Tratar, Marko"]
[Black "Mohr, Georg"]
[Result "1/2-1/2"]
[WhiteElo "2502"]
[BlackElo "2480"]
[PlyCount "31"]
[EventDate "2007.10.13"]
[EventType "team"]
[EventRounds "11"]
[EventCountry "AUT"]
[WhiteTeam "Kl Zeitung MPOe Maria Saal"]
[BlackTeam "Strassenbahn Graz"]

1.Nf3 Nf6 2.c4 g6 3.Nc3 Bg7 4.e4 d6 5.d4 O-O 6.Be2 e5 7.O-O c6 8.d5 Na6 9.Be3
Ng4 10.Bg5 f6 11.Bh4 c5 12.Ne1 h5 13.h3 Nh6 14.Nd3 Nf7 15.Rb1 Bh6 16.b4

[Event "2 Bundesliga Mitte 2007/2008"]
[Site "VOecklabruck"]
[Date "2008.03.01"]
[Round "8"]
[Board "2"]
[White "Butunoi, Alexandru"]
[Black "Ertl, Johann"]
[Result "0-1"]
[WhiteElo "2403"]
[BlackElo "2234"]
[PlyCount "78"]
[EventDate "2007.10.13"]
[EventType "team"]
[EventRounds "11"]
[EventCountry "AUT"]
[WhiteTeam "Strassenbahn Graz"]
[BlackTeam "Kl Zeitung MPOe Maria Saal"]

1.e4 e6 2.d4 d5 3.Nc3 Bb4 4.e5 c5 5.Qg4 Ne7 6.a3 Qa5 7.Bd2 cxd4 8.Qxd4 Nbc6
9.Qd3 Nxe5 10.Qg3 d4 11.Bb5+ Kf8 12.axb4 Qxa1+ 13.Nd1 f6 14.f4 Nf5 15.Qb3 Ng4
16.Nf3 Nge3 17.Ke2 a6 18.Bd3 Bd7 19.Bxe3 dxe3 20.g4 Ne7 21.Nd4 Nd5 22.Rf1 Qc1
23.f5 Qd2+ 24.Kf3 e2 25.Nxe2 exf5 26.Kg3 f4+ 27.Nxf4 Nxf4 28.Rxf4 Qxd1 29.Qc3
Qg1+ 30.Kf3 Bc6+ 31.Be4 Bxe4+ 32.Rxe4 h5 33.g5 Qxg5 34.Qc7 Kg8 35.Qxb7 Kh7 36.h4
Qf5+ 37.Rf4 Qh3+ 38.Kf2 Qh2+ 39.Kf1 Qxf4+

[Event "2 Bundesliga Mitte 2007/2008"]
[Site "VOecklabruck"]
[Date "2008.03.01"]
[Round "8"]
[Board "3"]
[White "Horvath, Gabor"]
[Black "Supancic, Darko"]
[Result "1/2-1/2"]
[WhiteElo "2292"]
[BlackElo "2372"]
[PlyCount "26"]
[EventDate "2007.10.13"]
[EventType "team"]
[EventRounds "11"]
[EventCountry "AUT"]
[WhiteTeam "Kl Zeitung MPOe Maria Saal"]
[BlackTeam "Strassenbahn Graz"]

1.e4 c5 2.Nc3 Nc6 3.f4 g6 4.Nf3 Bg7 5.Bb5 d6 6.Bxc6+ bxc6 7.d3 Nf6 8.O-O O-O
9.Qe1 Ne8 10.Qh4 f5 11.Bd2 Nc7 12.Rae1 e6 13.Qf2 fxe4

[Event "2 Bundesliga Mitte 2007/2008"]
[Site "VOecklabruck"]
[Date "2008.03.01"]
[Round "8"]
[Board "4"]
[White "Pesorda, Ivan"]
[Black "Reschun, Sascha"]
[Result "1/2-1/2"]
[WhiteElo "2270"]
[BlackElo "2272"]
[PlyCount "34"]
[EventDate "2007.10.13"]
[EventType "team"]
[EventRounds "11"]
[EventCountry "AUT"]
[WhiteTeam "Strassenbahn Graz"]
[BlackTeam "Kl Zeitung MPOe Maria Saal"]

1.d4 d5 2.Nf3 Bf5 3.c4 e6 4.cxd5 exd5 5.Qb3 Nc6 6.a3 Na5 7.Qa4+ c6 8.e3 b5 9.Qd1
Bd6 10.Bd3 Qf6 11.Qc2 Bxd3 12.Qxd3 Qg6 13.Qxg6 hxg6 14.Nbd2 Nf6 15.b3 Rh5 16.h3
O-O-O 17.Bb2 Re8

[Event "2 Bundesliga Mitte 2007/2008"]
[Site "VOecklabruck"]
[Date "2008.03.01"]
[Round "8"]
[Board "5"]
[White "Halvax, Georg"]
[Black "Krebs, Johann"]
[Result "1-0"]
[WhiteElo "2059"]
[BlackElo "2241"]
[PlyCount "82"]
[EventDate "2007.10.13"]
[EventType "team"]
[EventRounds "11"]
[EventCountry "AUT"]
[WhiteTeam "Kl Zeitung MPOe Maria Saal"]
[BlackTeam "Strassenbahn Graz"]

1.e4 c5 2.Nf3 Nc6 3.d4 cxd4 4.Nxd4 g6 5.Nc3 Bg7 6.Be3 Nf6 7.Bc4 Qa5 8.O-O O-O
9.Bb3 d6 10.h3 Bd7 11.f4 Nxd4 12.Bxd4 Bc6 13.Qd3 Rad8 14.Kh1 e5 15.Be3 Nh5
16.Bd2 exf4 17.Bxf4 Nxf4 18.Rxf4 Be5 19.Rh4 Rd7 20.Rf1 Qd8 21.g3 Kg7 22.Qe3 h5
23.Nd5 Bxd5 24.Bxd5 Rh8 25.Qf3 Qg5 26.Kg2 Rc7 27.c3 Rf8 28.Qd3 b5 29.Rf2 a5
30.Qf3 b4 31.c4 f5 32.exf5 Rxf5 33.Qd3 Rxf2+ 34.Kxf2 Rc8 35.Re4 Rf8+ 36.Kg2 Qc1
37.b3 Qa1 38.Qe2 Bd4 39.Rxd4 Qxd4 40.Qe7+ Rf7 41.Qxf7+ Kh6

[Event "2 Bundesliga Mitte 2007/2008"]
[Site "VOecklabruck"]
[Date "2008.03.01"]
[Round "8"]
[Board "6"]
[White "Kastner, Walter"]
[Black "Lako, Laszlo"]
[Result "1-0"]
[WhiteElo "2237"]
[BlackElo "2178"]
[PlyCount "65"]
[EventDate "2007.10.13"]
[EventType "team"]
[EventRounds "11"]
[EventCountry "AUT"]
[WhiteTeam "Strassenbahn Graz"]
[BlackTeam "Kl Zeitung MPOe Maria Saal"]

1.e4 c6 2.d4 d5 3.Nc3 g6 4.h3 Bg7 5.Nf3 Nf6 6.e5 Ne4 7.Nxe4 dxe4 8.Ng5 c5 9.e6
Bxe6 10.Nxe6 fxe6 11.dxc5 Qxd1+ 12.Kxd1 O-O 13.c3 Rxf2 14.Rb1 Nd7 15.Be3 Rff8
16.Bc4 Be5 17.Bxe6+ Kg7 18.Bxd7 Rad8 19.Ke2 Rxd7 20.Rbd1 Rc7 21.Rd5 Bf4 22.Rhd1
Bxe3 23.Kxe3 Rfc8 24.Rd7 Kf6 25.b4 b6 26.Rxc7 Rxc7 27.Kxe4 bxc5 28.b5 Ke6 29.a4
Rb7 30.Rd5 Rc7 31.c4 Rc8 32.a5 Rc7 33.Rd8

[Event "2 Bundesliga Mitte 2007/2008"]
[Site "VOecklabruck"]
[Date "2008.03.01"]
[Round "8"]
[Board "1"]
[White "Rogic, Davor"]
[Black "Pinter, Jozsef"]
[Result "1/2-1/2"]
[WhiteElo "2505"]
[BlackElo "2533"]
[PlyCount "95"]
[EventDate "2007.10.13"]
[EventType "team"]
[EventRounds "11"]
[EventCountry "AUT"]
[WhiteTeam "SV ASVOe Raika St Veit/Glan"]
[BlackTeam "SK Sparkasse Fuerstenfeld"]

1.e4 e5 2.Nf3 Nc6 3.Bb5 a6 4.Ba4 Nf6 5.O-O Be7 6.Re1 b5 7.Bb3 O-O 8.c3 d6 9.h3
Nd7 10.d4 Bf6 11.a4 Bb7 12.Na3 Ne7 13.axb5 axb5 14.Bg5 exd4 15.cxd4 b4 16.Nc2
Rxa1 17.Qxa1 Ng6 18.Qa7 Ba8 19.h4 Nxh4 20.Bxh4 Bxh4 21.Nxb4 Qb8 22.Qa3 Be7
23.Bd5 c5 24.Nc6 Bxc6 25.Bxc6 Qc7 26.Bd5 Nb6 27.dxc5 dxc5 28.Nd2 Bf6 29.Rc1 Qf4
30.Qe3 Qxe3 31.fxe3 Na4 32.Rc4 Nxb2 33.Rxc5 Nd3 34.Rc7 Ne5 35.Nc4 Ng4 36.Kf1 g6
37.Ke2 h5 38.Kf3 Kg7 39.Ra7 Ne5+ 40.Nxe5 Bxe5 41.g3 g5 42.Rb7 g4+ 43.Kg2 Kg6
44.Ra7 Kf6 45.Rb7 Kg6 46.Ra7 Kf6 47.Rb7 Kg6 48.Ra7

[Event "2 Bundesliga Mitte 2007/2008"]
[Site "VOecklabruck"]
[Date "2008.03.01"]
[Round "8"]
[Board "2"]
[White "Kuba, Guenter"]
[Black "Neubauer, Martin"]
[Result "0-1"]
[WhiteElo "2396"]
[BlackElo "2453"]
[PlyCount "56"]
[EventDate "2007.10.13"]
[EventType "team"]
[EventRounds "11"]
[EventCountry "AUT"]
[WhiteTeam "SK Sparkasse Fuerstenfeld"]
[BlackTeam "SV ASVOe Raika St Veit/Glan"]

1.e4 e5 2.Nf3 Nc6 3.Bb5 Nf6 4.d3 Bc5 5.c3 O-O 6.Bxc6 bxc6 7.Nxe5 d5 8.d4 Bb6
9.O-O Nxe4 10.f3 Qf6 11.Kh1 Nd6 12.Be3 Re8 13.Na3 c5 14.Ng4 Bxg4 15.fxg4 Qg6
16.dxc5 Rxe3 17.Qxd5 Qe4 18.Rad1 Bxc5 19.Qxc5 Re2 20.Rf2 Re8 21.h3 h5 22.gxh5
Qh4 23.Rxe2 Rxe2 24.Qxc7 Qg5 25.Rg1 Ne4 26.Nc4 f5 27.Qb8+ Kh7 28.Kh2 f4

[Event "2 Bundesliga Mitte 2007/2008"]
[Site "VOecklabruck"]
[Date "2008.03.01"]
[Round "8"]
[Board "4"]
[White "Kilgus, Georg"]
[Black "Hebesberger, Thomas"]
[Result "1/2-1/2"]
[WhiteElo "2354"]
[BlackElo "2349"]
[PlyCount "74"]
[EventDate "2007.10.13"]
[EventType "team"]
[EventRounds "11"]
[EventCountry "AUT"]
[WhiteTeam "SK Sparkasse Fuerstenfeld"]
[BlackTeam "SV ASVOe Raika St Veit/Glan"]

1.d4 d6 2.Nf3 Bg4 3.c4 Bxf3 4.exf3 Nd7 5.Nc3 g6 6.Be2 Bg7 7.O-O e6 8.f4 Ne7 9.d5
O-O 10.Re1 Bxc3 11.bxc3 Nc5 12.Be3 exd5 13.cxd5 Nf5 14.Bc1 Qf6 15.Bb2 Rae8
16.Rb1 Re4 17.c4 Qe7 18.Bf1 Re8 19.Rxe4 Qxe4 20.g3 h5 21.Rc1 Kh7 22.Rc2 Qe1
23.Qxe1 Rxe1 24.Re2 Rb1 25.Bf6 Nd7 26.Rb2 Rc1 27.Bd8 Nb6 28.Kg2 Nxc4 29.Bxc4
Rxc4 30.Rxb7 Ra4 31.Bf6 Rxa2 32.Kf1 Nh6 33.Rxc7 Ng4 34.Bd4 Rd2 35.Bxa7 Nxh2+
36.Kg2 Ng4 37.Rxf7+ Kg8

[Event "2 Bundesliga Mitte 2007/2008"]
[Site "VOecklabruck"]
[Date "2008.03.01"]
[Round "8"]
[Board "5"]
[White "Hoelzl, Franz"]
[Black "Poetz, Florian"]
[Result "1-0"]
[WhiteElo "2374"]
[BlackElo "2174"]
[PlyCount "91"]
[EventDate "2007.10.13"]
[EventType "team"]
[EventRounds "11"]
[EventCountry "AUT"]
[WhiteTeam "SV ASVOe Raika St Veit/Glan"]
[BlackTeam "SK Sparkasse Fuerstenfeld"]

1.d4 Nf6 2.c4 c5 3.d5 e6 4.Nc3 exd5 5.cxd5 d6 6.e4 g6 7.Nge2 Bg7 8.Ng3 O-O 9.Be2
Na6 10.O-O Nc7 11.a4 Rb8 12.Bg5 h6 13.Be3 b6 14.Qd2 Kh7 15.h3 Nfe8 16.Rfe1 a6
17.Rab1 b5 18.axb5 Nxb5 19.Nxb5 axb5 20.b4 c4 21.Bd1 Qh4 22.Bc2 Nf6 23.Bf4 Rd8
24.Qe3 Nh5 25.Nxh5 Qxh5 26.Qg3 Be5 27.Bd1 Bxf4 28.Qxf4 Qe5 29.Qxf7+ Qg7 30.Qxg7+
Kxg7 31.Ra1 Rd7 32.h4 g5 33.hxg5 hxg5 34.g3 Kf6 35.f4 gxf4 36.gxf4 Rh7 37.e5+
Ke7 38.Ra7+ Rb7 39.Ra6 Ke8 40.Ra8 Rbg7+ 41.Kf2 Kd8 42.e6 c3 43.Kf3 Kc7 44.Ke4
Rh2 45.Ra3 Rg3 46.Bf3

[Event "2 Bundesliga Mitte 2007/2008"]
[Site "VOecklabruck"]
[Date "2008.03.01"]
[Round "8"]
[Board "6"]
[White "Radnetter, Georg"]
[Black "Mazi, Leon"]
[Result "1-0"]
[WhiteElo "2106"]
[BlackElo "2348"]
[PlyCount "189"]
[EventDate "2007.10.13"]
[EventType "team"]
[EventRounds "11"]
[EventCountry "AUT"]
[WhiteTeam "SK Sparkasse Fuerstenfeld"]
[BlackTeam "SV ASVOe Raika St Veit/Glan"]

1.e4 Nf6 2.e5 Nd5 3.c4 Nb6 4.d4 d6 5.exd6 exd6 6.h3 Be7 7.Nf3 Bf5 8.Nc3 O-O
9.Be2 Re8 10.O-O N8d7 11.Be3 c6 12.b3 Bf6 13.Qd2 Nf8 14.Nh2 h6 15.Ng4 Bg5
16.Bxg5 Qxg5 17.Qxg5 hxg5 18.Ne3 Bg6 19.Rfd1 Rad8 20.Bd3 Bxd3 21.Rxd3 g6 22.Rad1
f5 23.g3 Nbd7 24.b4 Kg7 25.b5 Nf6 26.Rb1 Re7 27.Ne2 Ne6 28.Ra3 cxb5 29.Rxb5 b6
30.Rb2 Rc8 31.d5 Nc5 32.Nd4 Rcc7 33.Nc6 Red7 34.Nc2 Rb7 35.N2d4 g4 36.hxg4 Nxg4
37.Re2 Kf6 38.f3 Ne5 39.Nxe5 dxe5 40.Nc6 e4 41.Rh2 b5 42.Na5 Rbc7 43.Rd2 bxc4
44.Nxc4 Nd3 45.fxe4 Rxc4 46.Rdxd3 fxe4 47.Rd2 Ke5 48.Kf2 Rxd5 49.Rxd5+ Kxd5
50.Rxa7 Rc2+ 51.Ke3 Rc3+ 52.Kf2 Rf3+ 53.Kg2 Rf6 54.Rd7+ Kc4 55.Rc7+ Kd3 56.Rd7+
Ke2 57.a4 Rf2+ 58.Kg1 Rf3 59.Kg2 Ra3 60.Rg7 Kd1 61.Rd7+ Ke1 62.Rg7 Ra2+ 63.Kg1
e3 64.Rxg6 e2 65.Rd6 Rd2 66.Rb6 Ra2 67.Rb1+ Kd2 68.Kf2 Rxa4 69.Rb2+ Kd3 70.Rxe2
Re4 71.Ra2 Kd4 72.Kf3 Re1 73.Ra8 Re7 74.Ra6 Rf7+ 75.Kg4 Ke4 76.Rg6 Rh7 77.Rg8
Ke5 78.Kg5 Rh3 79.Re8+ Kd6 80.g4 Kd7 81.Re1 Rg3 82.Kf5 Rf3+ 83.Kg6 Rf2 84.g5 Rg2
85.Kf6 Rf2+ 86.Kg7 Rg2 87.g6 Kd8 88.Kf7 Rf2+ 89.Kg8 Kd7 90.g7 Rh2 91.Re4 Rh1
92.Kf7 Rf1+ 93.Kg6 Rg1+ 94.Kf6 Rf1+ 95.Kg5

[Event "2 Bundesliga Mitte 2007/2008"]
[Site "VOecklabruck"]
[Date "2008.03.02"]
[Round "9"]
[Board "1"]
[White "Kovacevic, Blazimir"]
[Black "Kozul, Zdenko"]
[Result "1/2-1/2"]
[WhiteElo "2482"]
[BlackElo "2609"]
[PlyCount "68"]
[EventDate "2007.10.13"]
[EventType "team"]
[EventRounds "11"]
[EventCountry "AUT"]
[WhiteTeam "SpG Raika Alpine Trofaiach"]
[BlackTeam "ZH Technologies Wolfsberg"]

1.c4 g6 2.Nc3 Bg7 3.g3 e5 4.Bg2 Ne7 5.d3 c6 6.e4 d6 7.Nge2 Be6 8.b3 d5 9.exd5
cxd5 10.O-O Nbc6 11.Ba3 f5 12.Re1 dxc4 13.bxc4 O-O 14.Nd5 Qd7 15.Rb1 Rab8
16.Nef4 Bf7 17.Qa4 Rfd8 18.Bxe7 Nxe7 19.Nxe7+ Qxe7 20.Qxa7 Ra8 21.Qe3 Qg5 22.Nd5
Qxe3 23.fxe3 Rxa2 24.Rxb7 Rd2 25.Nb4 e4 26.dxe4 Bc3 27.Nc6 Re8 28.Rc1 Bf6
29.exf5 Rxe3 30.fxg6 hxg6 31.Bf1 Be8 32.Nb4 Bd4 33.Kh1 Bf7 34.Nc6 Bf6

[Event "2 Bundesliga Mitte 2007/2008"]
[Site "VOecklabruck"]
[Date "2008.03.02"]
[Round "9"]
[Board "2"]
[White "Stevic, Hrvoje"]
[Black "Bukal, Vladimir Jun"]
[Result "1/2-1/2"]
[WhiteElo "2531"]
[BlackElo "2441"]
[PlyCount "34"]
[EventDate "2007.10.13"]
[EventType "team"]
[EventRounds "11"]
[EventCountry "AUT"]
[WhiteTeam "ZH Technologies Wolfsberg"]
[BlackTeam "SpG Raika Alpine Trofaiach"]

1.e4 e6 2.d3 d5 3.Nd2 Nf6 4.Ngf3 b6 5.c3 a5 6.Be2 Be7 7.Qa4+ Nfd7 8.exd5 exd5
9.d4 O-O 10.O-O Bd6 11.Re1 Re8 12.Nf1 h6 13.Bd2 Nf6 14.Bb5 Bd7 15.Rxe8+ Qxe8
16.Bxd7 Qxd7 17.Qxd7 Nbxd7

[Event "2 Bundesliga Mitte 2007/2008"]
[Site "VOecklabruck"]
[Date "2008.03.02"]
[Round "9"]
[Board "3"]
[White "Zaja, Ivan"]
[Black "Mikac, Matjaz"]
[Result "0-1"]
[WhiteElo "2467"]
[BlackElo "2390"]
[PlyCount "30"]
[EventDate "2007.10.13"]
[EventType "team"]
[EventRounds "11"]
[EventCountry "AUT"]
[WhiteTeam "SpG Raika Alpine Trofaiach"]
[BlackTeam "ZH Technologies Wolfsberg"]

1.d4 d5 2.c4 dxc4 3.e4 e5 4.Nf3 exd4 5.Bxc4 Bb4+ 6.Nbd2 Nc6 7.O-O Nf6 8.e5 Nd5
9.Nb3 Nb6 10.Bb5 Qd5 11.Nbxd4 O-O 12.Bxc6 bxc6 13.Qc2 c5 14.Nf5 c4 15.Rd1 Bxf5

[Event "2 Bundesliga Mitte 2007/2008"]
[Site "VOecklabruck"]
[Date "2008.03.02"]
[Round "9"]
[Board "4"]
[White "Wegerer, Fred"]
[Black "Stuhlik, Marko"]
[Result "1/2-1/2"]
[WhiteElo "2266"]
[BlackElo "2252"]
[PlyCount "20"]
[EventDate "2007.10.13"]
[EventType "team"]
[EventRounds "11"]
[EventCountry "AUT"]
[WhiteTeam "ZH Technologies Wolfsberg"]
[BlackTeam "SpG Raika Alpine Trofaiach"]

1.d4 g6 2.Nf3 Bg7 3.c3 Nf6 4.Bg5 c6 5.Nbd2 d5 6.e3 O-O 7.Bd3 Nbd7 8.O-O Qb6
9.Qb3 Re8 10.h3 e5

[Event "2 Bundesliga Mitte 2007/2008"]
[Site "VOecklabruck"]
[Date "2008.03.02"]
[Round "9"]
[Board "5"]
[White "Mitter, Gerd"]
[Black "Waldmann, Gerald"]
[Result "1/2-1/2"]
[WhiteElo "2185"]
[BlackElo "2157"]
[PlyCount "36"]
[EventDate "2007.10.13"]
[EventType "team"]
[EventRounds "11"]
[EventCountry "AUT"]
[WhiteTeam "SpG Raika Alpine Trofaiach"]
[BlackTeam "ZH Technologies Wolfsberg"]

1.Nf3 d5 2.c4 c6 3.g3 Bg4 4.Bg2 Nd7 5.cxd5 cxd5 6.Qa4 Bxf3 7.Bxf3 e6 8.O-O Ngf6
9.Nc3 Be7 10.d4 O-O 11.e4 Nb6 12.Qd1 dxe4 13.Nxe4 Nxe4 14.Bxe4 Bf6 15.Be3 Nd5
16.Qb3 Qd7 17.Rac1 Rac8 18.Rfd1 Rfd8

[Event "2 Bundesliga Mitte 2007/2008"]
[Site "VOecklabruck"]
[Date "2008.03.02"]
[Round "9"]
[Board "6"]
[White "Toefferl, Heimo"]
[Black "Spirk, Stefan"]
[Result "1-0"]
[WhiteElo "2135"]
[BlackElo "2130"]
[PlyCount "111"]
[EventDate "2007.10.13"]
[EventType "team"]
[EventRounds "11"]
[EventCountry "AUT"]
[WhiteTeam "ZH Technologies Wolfsberg"]
[BlackTeam "SpG Raika Alpine Trofaiach"]

1.d4 d5 2.c4 c6 3.Nf3 Nf6 4.Nc3 g6 5.Bf4 Bg7 6.e3 O-O 7.h3 a6 8.c5 Nbd7 9.b4 b6
10.cxb6 Qxb6 11.Rb1 a5 12.b5 a4 13.bxc6 Qxc6 14.Rc1 Qb6 15.Qd2 Qa5 16.Bd3 Ba6
17.O-O Bxd3 18.Qxd3 Rfc8 19.Rc2 Qa6 20.Qxa6 Rxa6 21.Rfc1 Rac6 22.Ne1 Nb6 23.Nxd5
Rxc2 24.Nxf6+ Bxf6 25.Rxc2 Rxc2 26.Nxc2 Nd5 27.Kf1 Kf8 28.Ke1 Nc3 29.Nb4 Ke8
30.f3 Kd7 31.Kd2 Nb5 32.Kd3 e6 33.Nc2 Be7 34.e4 Kc6 35.Bd2 f5 36.g4 h5 37.gxh5
gxh5 38.Bf4 fxe4+ 39.fxe4 Bd6 40.Bxd6 Nxd6 41.e5 Nf7 42.h4 Nh8 43.Ne3 Ng6 44.Ng2
Kd5 45.a3 Kc6 46.Kc4 Kb6 47.Kb4 Kc6 48.Kxa4 Kd5 49.Kb5 Kxd4 50.a4 Nxe5 51.Nf4
Nf3 52.Nxe6+ Ke5 53.Ng7 Nd4+ 54.Kb6 Nb3 55.Nxh5 Kf5 56.Ng3+

[Event "2 Bundesliga Mitte 2007/2008"]
[Site "VOecklabruck"]
[Date "2008.03.02"]
[Round "9"]
[Board "2"]
[White "Hafner, Robert"]
[Black "Rumpl, Erwin"]
[Result "0-1"]
[WhiteElo "2132"]
[BlackElo "2333"]
[PlyCount "74"]
[EventDate "2007.10.13"]
[EventType "team"]
[EventRounds "11"]
[EventCountry "AUT"]
[WhiteTeam "ESV ASKOE Admira Villach"]
[BlackTeam "SC Ansfelden 2"]

1.d4 g6 2.c4 Bg7 3.e4 d6 4.Nf3 e5 5.Be2 exd4 6.Nxd4 Nc6 7.Be3 Nge7 8.Nc3 O-O
9.O-O f5 10.f3 fxe4 11.Nxe4 Nf5 12.Nxf5 Bxf5 13.Nc3 Re8 14.Bf2 Qf6 15.Bd3 Be6
16.Rc1 Ne5 17.Nd5 Qf7 18.Be2 c5 19.b3 Nc6 20.Bd3 Bxd5 21.cxd5 Nd4 22.Be4 a5
23.Qd3 b5 24.Bg3 Qf6 25.Kh1 b4 26.Bf2 a4 27.Rfd1 axb3 28.axb3 Ra3 29.Bxd4 Qxd4
30.Qxd4 Bxd4 31.Rb1 Ra2 32.Rd3 Re2 33.h3 Ra8 34.Rbd1 Raa2 35.Rxd4 cxd4 36.Rxd4
Rxg2 37.Bd3 Rgd2

[Event "2 Bundesliga Mitte 2007/2008"]
[Site "VOecklabruck"]
[Date "2008.03.02"]
[Round "9"]
[Board "3"]
[White "Mittermayr, Gerhard"]
[Black "Frank, Paul"]
[Result "0-1"]
[WhiteElo "2129"]
[BlackElo "2201"]
[PlyCount "67"]
[EventDate "2007.10.13"]
[EventType "team"]
[EventRounds "11"]
[EventCountry "AUT"]
[WhiteTeam "SC Ansfelden 2"]
[BlackTeam "ESV ASKOE Admira Villach"]

1.e4 c5 2.Nf3 Nc6 3.d4 cxd4 4.Nxd4 Qb6 5.Nb3 Nf6 6.Nc3 e6 7.Be3 Qc7 8.a3 a6
9.Be2 Be7 10.O-O O-O 11.f4 d6 12.g4 Re8 13.g5 Nd7 14.Bf3 b5 15.Bg2 Rb8 16.Rf3 b4
17.axb4 Nxb4 18.Rh3 Nf8 19.Nd4 g6 20.Rh6 e5 21.Nde2 exf4 22.Nxf4 Bxg5 23.Nfd5
Nxd5 24.Nxd5 Bxe3+ 25.Kh1 Qd8 26.Nxe3 Qg5 27.Nd5 Be6 28.Rh3 Bxh3 29.Bxh3 Rxe4
30.Bg2 Re5 31.b4 Rbe8 32.c4 Qh4 33.Qf1 Rf5 34.Bf3

[Event "2 Bundesliga Mitte 2007/2008"]
[Site "VOecklabruck"]
[Date "2008.03.02"]
[Round "9"]
[Board "1"]
[White "Dervishi, Erald"]
[Black "Sakelsek, Tadej"]
[Result "1-0"]
[WhiteElo "2543"]
[BlackElo "2479"]
[PlyCount "149"]
[EventDate "2007.10.13"]
[EventType "team"]
[EventRounds "11"]
[EventCountry "AUT"]
[WhiteTeam "SK Leoben"]
[BlackTeam "ESV Austria Graz"]

1.e4 e5 2.Nf3 Nc6 3.Bb5 a6 4.Ba4 Nf6 5.O-O b5 6.Bb3 Bc5 7.c3 d6 8.d4 Bb6 9.h3
Bb7 10.Re1 O-O 11.Bg5 h6 12.Bh4 g5 13.Bg3 Re8 14.dxe5 Nxe5 15.Bc2 Nxf3+ 16.Qxf3
Nd7 17.Nd2 Qf6 18.Qh5 Ne5 19.Nf1 Re7 20.Ne3 Bxe3 21.Rxe3 Qg6 22.Qxg6+ Nxg6 23.a4
Rae8 24.axb5 axb5 25.Ra7 Bc6 26.f3 f5 27.Bf2 fxe4 28.Bxe4 Bxe4 29.Rxe4 Rxe4
30.fxe4 Re7 31.Rb7 c6 32.Rb6 Ne5 33.Bg3 Re6 34.Kf2 Rf6+ 35.Ke2 Kf7 36.b3 h5
37.Ke3 h4 38.Bxe5 dxe5 39.Rb7+ Kf8 40.Rc7 g4 41.Rh7 gxh3 42.gxh3 Rg6 43.Rxh4
Rg3+ 44.Kd2 Rg2+ 45.Kc1 Ke7 46.Rh8 Re2 47.h4 Rxe4 48.h5 Rh4 49.h6 Kd6 50.h7 Kc5
51.Kd2 Rh3 52.Ke1 e4 53.Ke2 Rh4 54.Kf2 Rh3 55.Kg2 Rh6 56.Kg3 Rh1 57.Kf4 Rh2
58.Kxe4 Rh4+ 59.Kd3 Rh3+ 60.Kc2 Rh2+ 61.Kb1 Rh1+ 62.Kb2 Rh2+ 63.Ka3 Rh1 64.b4+
Kc4 65.Rc8 Rxh7 66.Rxc6+ Kd3 67.Kb3 Rh8 68.Rc5 Rb8 69.c4 bxc4+ 70.Rxc4 Rb7
71.Rc8 Kd4 72.Rd8+ Ke5 73.Ka4 Ke6 74.Ka5 Re7 75.Rd1

[Event "2 Bundesliga Mitte 2007/2008"]
[Site "VOecklabruck"]
[Date "2008.03.02"]
[Round "9"]
[Board "2"]
[White "Paehtz, Thomas"]
[Black "Manca, Federico"]
[Result "1/2-1/2"]
[WhiteElo "2448"]
[BlackElo "2405"]
[PlyCount "79"]
[EventDate "2007.10.13"]
[EventType "team"]
[EventRounds "11"]
[EventCountry "AUT"]
[WhiteTeam "ESV Austria Graz"]
[BlackTeam "SK Leoben"]

1.e4 c5 2.Nf3 Nc6 3.d4 cxd4 4.Nxd4 g6 5.c4 Bg7 6.Be3 Nf6 7.Nc3 Ng4 8.Qxg4 Nxd4
9.Qd1 Ne6 10.Rc1 d6 11.Be2 O-O 12.O-O a5 13.b3 Bd7 14.Qd2 Bc6 15.f3 Nc5 16.Rfd1
Qb6 17.Rc2 Rfc8 18.Rb1 h5 19.Bf1 Kh7 20.Nd5 Qd8 21.Bg5 Bxd5 22.exd5 Bf6 23.Bxf6
exf6 24.Qd4 Qb6 25.Re2 Re8 26.Rbe1 Rxe2 27.Rxe2 Kg7 28.g4 hxg4 29.fxg4 Nd7
30.Qxb6 Nxb6 31.Re7 Rb8 32.Rc7 Kf8 33.c5 Nxd5 34.Rd7 Ne3 35.cxd6 Nxg4 36.Rc7 Ne5
37.Bb5 b6 38.d7 Rd8 39.Rb7 Ke7 40.Rxb6

[Event "2 Bundesliga Mitte 2007/2008"]
[Site "VOecklabruck"]
[Date "2008.03.02"]
[Round "9"]
[Board "3"]
[White "Dietmayer Kraeutler, Marco"]
[Black "Langheinrich, Ferenc"]
[Result "1/2-1/2"]
[WhiteElo "2325"]
[BlackElo "2421"]
[PlyCount "78"]
[EventDate "2007.10.13"]
[EventType "team"]
[EventRounds "11"]
[EventCountry "AUT"]
[WhiteTeam "SK Leoben"]
[BlackTeam "ESV Austria Graz"]

1.d4 Nf6 2.c4 g6 3.Nc3 Bg7 4.e4 d6 5.Nf3 O-O 6.Be2 e5 7.O-O Nc6 8.d5 Ne7 9.b4
Nh5 10.Re1 Nf4 11.Bf1 a5 12.Ba3 axb4 13.Bxb4 b6 14.a4 Re8 15.a5 c5 16.dxc6 Nxc6
17.Bxd6 Bg4 18.Nb5 Qf6 19.axb6 Rxa1 20.Qxa1 Bxf3 21.gxf3 Nd4 22.Qd1 Nfe6 23.Re3
Bh6 24.Ra3 Bf4 25.b7 Bxh2+ 26.Kxh2 Qf4+ 27.Kg1 Qg5+ 28.Bg2 Nf4 29.Kf1 Qxg2+
30.Ke1 Qg1+ 31.Kd2 Qxf2+ 32.Kc1 Nxb5 33.cxb5 Ne2+ 34.Kb1 Qb6 35.b8=Q Rxb8
36.Bxb8 Nd4 37.Ba7 Qxb5+ 38.Ka1 Qb4 39.Ka2 Qc4+